[Event "RUS-Cup3"]
[Site "Omsk"]
[Date "1996.??.??"]
[Round "6"]
[White "Sherbakov, Vitaly S"]
[Black "Volkov, Sergey"]
[Result "1-0"]
[WhiteElo "2555"]
[BlackElo "2485"]
[Annotator "Lutz,C"]
[PlyCount "101"]
[EventDate "1996.12.13"]
[EventType "swiss"]
[EventRounds "9"]
[EventCountry "RUS"]
[SourceTitle "CBM 057"]
[Source "ChessBase"]
[SourceDate "1997.04.01"]
[SourceVersion "1"]
[SourceVersionDate "1997.04.01"]
[SourceQuality "1"]

1. d4 {Gershon} d5 2. Nf3 c6 3. c4 e6 4. Nc3 dxc4 (4... Nf6 5. Bg5 dxc4 6. e4
b5 7. a4 Bb4 $6 (7... Bb7 $1 {gilt als der genaueste Zug für Schwarz. Wegen
der in der Partie gewählten Zugumstellung kann Scharz diese Variante nicht
wählen.})) 5. a4 Bb4 6. e4 b5 7. Bg5 Nf6 {In last time it is very fashion that
one of sides playing variation that known as bad,and ...surprise!-no novelty,
no new idea and loosing like many players did before! Andere Züge (z.B. 7...
Qb6 oder 7...Ne7) führen zum Noteboom-System (D31). Wahrscheinlich sollte
Schwarz auch eine dieser Möglichkeiten wählen, da die Variante in der Partie
äußerst schwierig für Schwarz ist.} (7... Qb6 $5 {Gershon,Nor} 8. Be2 (8. g3
Bb7 9. Bg2 Nd7 10. O-O Ngf6 11. e5 Nd5 12. Nxd5 cxd5 13. Bd2 Bxd2 14. Qxd2 b4
15. a5 Qb5 16. Nh4 g6 17. f4 Nb8 $5 18. g4 Nc6 19. f5 gxf5 20. gxf5 O-O-O 21.
fxe6 fxe6 22. Bh3 Nxa5 23. Bxe6+ Kb8 24. Qh6 Qb6 25. Rad1 Nb3 26. Rf6 Nxd4 27.
Bxd5 Ne6+ 28. Kf1 Bxd5 29. Rxd5 Rxd5 30. Rxe6 Qd8 31. Ke2 Rd1 32. Rd6 Rxd6 33.
exd6 Re8+ 34. Kd2 Qd7 35. Qf4 Rc8 {0-1 Lahlum,H-Trabert,B/Gausdal
International 1992}) 8... Nf6 9. Bxf6 gxf6 10. O-O Bb7 11. Re1 a6 12. Bf1 Nd7
13. d5 $6 O-O-O 14. dxc6 Bxc6 15. axb5 axb5 16. Qc1 Kb7 17. Qf4 Bc5 {-/+
Cramling,P-Hector/Schwed TV-Cup 1993}) 8. e5 h6 9. exf6 hxg5 10. fxg7 Rg8 11.
g3 (11. h4 {ist auch nicht schlecht.} gxh4 (11... g4) 12. Rxh4 Qf6 13. g3 Bb7
14. Bg2 Nd7 {führt zur Partie.}) 11... Bb7 12. Bg2 Nd7 {In bad variation black
choose worst!Now it is easy!} (12... c5) (12... c5 $5 {Gershon,Nor} 13. O-O (
13. dxc5 Qxd1+ 14. Kxd1 g4 15. Ne1 Bxg2 16. Nxg2 bxa4 17. Rxa4 Nc6 18. Ne3 Rxg7
19. Nxc4 Bxc5 20. Ne4 Bd4 21. Ra6 Nb4 22. Ra4 {1/2-1/2 Kantsler-Oll,USSR 1987
= -/ 1993}) 13... g4 (13... Rxg7 14. dxc5 $36) 14. Nh4 Bxg2 15. Nxg2 cxd4 16.
Nxb5 Nc6 17. Qxg4 a6 18. Qe4 Rc8 $8 19. Rfd1 $5 Bc5 20. Qh7 Kd7 21. Na3 Bxa3
22. Rxa3 Qg5 23. Ne3 Rxg7 24. Qe4 Rb8 25. Rc3 $5 f5 26. Rxd4+ $1 Nxd4 27. Qxd4+
{-> Yusupov-Van Wely/Groningen 1994}) 13. h4 gxh4 14. Rxh4 Qf6 (14... Rxg7 15.
Rh8+ Bf8 16. axb5 cxb5 17. d5 Qb6 18. Qe2 O-O-O 19. Bh3 Be7 20. Rxd8+ Bxd8 21.
Ne5 Nc5 22. Rd1 Rh7 23. Bg2 f6 24. Nc6 Bxc6 25. dxc6 b4 26. Na4 Nxa4 27. Qxe6+
Kc7 28. Qd6+ Kc8 29. Qe6+ Kc7 30. Rxd8 $16 {1-0 Bukic,E-Pinter,J/Bajmok 1980 
(38)}) (14... Qb6 {Gershon,Nor} 15. Ne5 Rxg7 16. Rh8+ Nf8 17. a5 Qa6 18. Qf3
O-O-O 19. Nxf7 Rxd4 20. Qf6 Rxf7 21. Qxf7 Rd8 22. Kf1 Nd7 23. Rxd8+ Kxd8 24.
Rd1 Bc8 25. Qxe6 Kc7 26. Bxc6 Qxc6 27. Nd5+ {+- Cebalo-Sulava/Pula tt, SW 1993}
) 15. Kf1 Bxc3 (15... a6 $6 {Gershon,Nor} 16. Ne5 Nxe5 17. dxe5 Qxe5 18. axb5
axb5 (18... Rd8 19. Qa4 Bxc3 20. bxc6 Bxb2 21. c7+ Rd7 22. Rh8 Bxg2+ 23. Kxg2
Qe4+ 24. Kg1 {1-0 Danielian,O-Fridman,D/URS-chJ Alma-Ata 1991}) 19. Rxa8+ Bxa8
20. Qa1 Qb8 (20... Bb7 21. Qa7 Qc7 22. Rh8 $18) 21. Rh8 Ke7 22. Ne4 e5 (22...
Rxh8 23. gxh8=Q Qxh8 24. Qa7+ $18) 23. Rxg8 Qxg8 24. Bh3 {1-0 Bewersdorff,
O-Werner,D/Frankfurt 1990} (24. Qa7+ {Like in the tournament-"who wins first!"}
Ke6 25. Qd7+ {1-0 Guliev,S-Alavkin,A/Minsk op 1994})) 16. bxc3 a6 $6 (16...
Qxg7 17. Nd2 (17. Ne5 Nxe5 18. dxe5 Qxe5 19. axb5 Rd8 20. Rd4 Rxd4 21. Qxd4 $14
{Wirthensohn,H-Flear,G/Graz/1984}) 17... Rb8 18. axb5 cxb5 19. Rxa7 Bxg2+ 20.
Kxg2 Qg5 21. Rh5 Qd8 22. Qf3 Qb6 23. Rxd7 Kxd7 (23... Rf8 $1 {Gershon,Nor} 24.
Rdd5 $1 exd5 25. Re5+ Kd7 26. Rxd5+ Kc7 27. Rc5+ Kd7 28. Qd5+ Qd6 29. Rxb5
Qxd5+ 30. Rxd5+ Ke6 31. Re5+ Kd7 32. Ra5 $1 $16) 24. Qxf7+ Kc6 25. d5+ {
1-0 Popov,L-Schmidt,W/Varna 1967}) (16... c5 17. axb5 Qxg7 18. dxc5 Nxc5 19.
Rxc4 Rd8 20. Qe2 Nb3 21. Rd1 Qf6 22. Rc7 Be4 23. b6 axb6 24. Qb5+ Kf8 25. Qxb3
Rxg3 26. Rxd8+ Qxd8 27. Qb4+ {1-0 Hansen,C-Hansen,S/Reykjavik zt 1995}) 17. Ne5
(17. Nd2 $6 {Gershon,Nor} O-O-O 18. axb5 axb5 19. Qb1 Nc5 20. Nxc4 bxc4 21. Rf4
Qxg7 22. dxc5 Rd7 23. Rxc4 Rgd8 24. Bf3 f5 25. Rb4 Qe5 26. Ra7 Qb8 27. Qa2 e5
28. Raxb7 {1-0 Savchenko,S-Cvorovic,D/Pula PCA op 1994}) 17... Nxe5 18. dxe5
Qxe5 (18... Qxg7 {Gershon,Nor} 19. Qd6 Rc8 20. axb5 axb5 21. Ra7 $18) 19. axb5
Qxc3 (19... axb5 20. Rxa8+ Bxa8 21. Qa1 Qb8 (21... Bb7 {Belov} 22. Qa7 Qc7 23.
Rh8 $18) 22. Rh8 Kd7 23. Rxg8 Qxg8 24. Qa7+ Kd6 25. Qa3+ $18 {1-0 Yermolinsky,
A-Rivas Pastor,M/Leningrad White Knights 1984 (29)} (25. Qa3+ $18 {Gershon,Nor}
b4 26. Qxb4+ c5 27. Qb6+ Ke5 28. Qxc5+ Kf6 29. Qd4+ e5 30. Qh4+ {1-0
Yermolinsky,A-Rivas Pastor,M/Leningrad White Knights 1984})) 20. bxc6 Rd8 21.
Qa4 Bc8 22. Rxc4 $16 Qd3+ 23. Kg1 Rd6 24. Rcc1 (24. Rb4 $1 {Gershon,Nor}) 24...
Rd4 25. Qa5 Rxg7 26. Qe5 Rg8 27. Bf1 Qe4 28. Qc7 Rd8 29. Rd1 Qh4 30. Bg2 Qf6
31. Qb6 e5 32. Qc7 Rg5 33. Qb8 Kf8 34. Rxd8+ Qxd8 35. Re1 (35. c7 {Gershon,Nor}
Qd7 36. Bb7 Rxg3+ $1 37. fxg3 Qd4+ 38. Kh2 Qd2+ 39. Kh1 Qh6+ 40. Kg1 Qb6+ 41.
Kg2 Qb2+ $11) (35. Bh3 $1 {Gershon,Nor} f5 (35... Rxg3+ 36. fxg3 Qd4+ 37. Kh2
$18) 36. Qxe5 $18) 35... Kg7 36. Rxe5 Rxe5 37. Qxe5+ f6 38. Qc5 Qc7 39. Be4 f5
40. Bd5 Kf6 41. f4 Kg6 42. Kg2 a5 43. Qf8 a4 44. Qg8+ Kh6 45. Qh8+ Kg6 46. Bf3
Qg7 47. Bh5+ Kf6 48. Qxc8 a3 49. Qd8+ Qe7 50. c7 a2 51. Qd4+ 1-0

[Event "Corus-B"]
[Site "Wijk aan Zee"]
[Date "2005.01.25"]
[Round "9"]
[White "Ernst, Sipke"]
[Black "Smeets, Jan"]
[Result "0-1"]
[WhiteElo "2509"]
[BlackElo "2475"]
[Annotator "Lutz,C"]
[PlyCount "70"]
[EventDate "2005.01.15"]
[EventType "tourn"]
[EventRounds "13"]
[EventCountry "NED"]
[EventCategory "13"]
[SourceTitle "CBM 105"]
[Source "ChessBase"]
[SourceDate "2005.04.11"]
[SourceVersion "1"]
[SourceVersionDate "2005.04.11"]
[SourceQuality "1"]

1. d4 d5 2. c4 c6 3. Nf3 Nf6 4. Nc3 e6 5. Bg5 dxc4 6. e4 b5 7. e5 h6 8. Bh4 g5
9. Nxg5 hxg5 10. Bxg5 Nbd7 11. g3 Rg8 12. h4 Rxg5 13. hxg5 Nd5 14. g6 fxg6 15.
Qg4 Qe7 16. Bg2 Qf7 17. Be4 Ne7 18. Rh8 $6 {Diese Variante ist hinlänglich
bekannt. Der kritische Zug ist 18.Sxb5 aus Shirov,A-Morovic,I, der Weiß
Vorteil bringen sollte. Der Textzug hingegen ist schwächer.} (18. Nxb5 $1 cxb5
19. Bxa8 Nb6 20. Be4 Bd7 $1 21. Rh8 Bc6 22. f3 $1 Kd7 $1 (22... Nbd5 $2 23. Kf2
Nb4 24. a3 $1 (24. Rah1 Bxe4 $2 25. Qxe4 Nbd5 26. R1h7 Qf5 $13) 24... Nd3+ 25.
Bxd3 cxd3 26. Rd1 Qf5 27. Qxf5 gxf5 28. Rxd3 Bd5 29. Rc3 Nc6 30. Ke3 Kf7 31.
Rh7+ $1 Bg7 32. Rh2 Kg6 $6 33. Rhc2 Na5 34. Rc7 a6 35. Ra7 Nc4+ 36. Ke2 a5 37.
b3 Nxa3 38. Rc8 Bh6 39. Rg8+ Kh5 40. Rh7 {/\ g4. 1-0 Shirov,A-Morovic
Fernandez,I/Las Palmas 1994/CBM 42/[Shirov] (40)}) 23. Ke2 $1 Nf5 (23... Bg7
24. Rh7 Nbd5 25. Rah1 $14) 24. Kf2 Bg7 25. Rh7 Nd5 26. Qg5 Nde7 27. Bxf5 Nxf5
28. Rah1 Ne7 29. Qf4 Ke8 30. R1h4 g5 31. Qxg5 Qxf3+ 32. Ke1 Bf8 33. Qf4 Qd3 34.
Qf7+ Kd7 35. Qxf8 Qb1+ 36. Kf2 Qxb2+ 37. Ke1 Qc1+ 38. Ke2 Qb2+ 39. Kf1 Qc1+ 40.
Kf2 Qd2+ 41. Kf1 Qd1+ 42. Kf2 Qc2+ 43. Kf1 Qb1+ 44. Kf2 Qxa2+ 45. Kf1 Qb1+ 46.
Kf2 Qc2+ {1/2-1/2 Sammalvuo,T-Sprenger,J/Paks 2001/EXT 2002 (46)}) 18... Nb6 (
18... Bb7 19. Nxb5 cxb5 20. Bxb7 Rb8 21. Be4 Nb6 22. Ke2 Rd8 23. Rah1 Kd7 24.
a4 Nf5 25. R1h7 Bg7 26. Rxd8+ Kxd8 27. a5 Nd5 28. Bxf5 exf5 29. Qf3 Nc7 30. Qc6
Qe6 31. Qc5 Qd7 32. Qxa7 Ke8 33. Qb7 Kf8 34. d5 Qxd5 35. Qxd5 Nxd5 36. a6 Nc7
37. a7 Kg8 38. e6 Kxh7 39. e7 Bxb2 40. a8=Q Nxa8 41. e8=Q Nb6 42. Qxb5 Bd4 43.
Qb4 {1-0 Rogozenko,D-Mueller,K/Germany 1997/GER-chT/[ChessBase] (43)}) (18...
Ba6 19. a4 b4 20. Nb5 Bxb5 21. axb5 Nb6 22. bxc6 a5 23. c7 Ra7 24. Rh7 Qg8 25.
Rxe7+ Bxe7 26. d5 Rxc7 27. Bxg6+ Kd8 28. d6 Rc5 29. Qd4 Nd7 30. dxe7+ Kxe7 31.
Qd6+ Kd8 32. O-O-O Rc7 33. Be4 c3 34. bxc3 Rxc3+ 35. Kb2 Qf7 36. f4 Qe7 37.
Qb8+ Rc8 38. Qb6+ Rc7 39. Bc6 {1-0 Eingorn,V-Onischuk,A/Cuxhaven 1994/EXT 2002
(39)}) (18... Kd8 19. Bc2 Kc7 20. O-O-O Bg7 21. Rh7 Nf8 22. Rh2 Bb7 23. Ne4 Rd8
24. Ng5 Qg8 25. Kb1 Nf5 26. Qf4 c5 27. dxc5 Rxd1+ 28. Bxd1 Nd7 29. Qd2 Bxe5 30.
Rh7 Nd4 31. Rh4 Nf5 32. Qa5+ Kb8 33. Qxb5 Qc8 34. Rxc4 a6 35. Qb4 Bf6 36. Ne4
Be7 37. Nd6 Bxd6 38. cxd6 Qd8 39. Rc6 a5 40. Qc3 Bxc6 41. Qxc6 Nd4 42. Qe4 Qf6
43. Ka1 Nc5 44. Qe1 Qg5 {0-1 Davies,N-McDonald,N/Wrexham 1995/EXT 98 (44)}) 19.
Ke2 {Das Problem des Schwarzen sind die verknoteten Figuren. Schafft es Weiß
jedoch nicht schnell genug, Drohungen aufzustellen, so kann sich der schwarze
Materialvorteil bemerkbar machen.} (19. a4 b4 20. a5 bxc3 21. axb6 cxb2 22.
Rxa7 Rb8 23. Rxe7+ Kxe7 24. Qg5+ Kd7 25. Bxg6 Rxb6 {0-1 Veingold,A-Korneev,O/
Orense 2000/EXT 2001 (25)}) 19... Bd7 (19... b4 20. Rah1 bxc3 (20... Kd7 21.
R8h7 Qg8 22. Nb5 cxb5 23. Bxa8 Nxa8 24. Qf3 Bg7 25. Qxa8 Nc6 26. Kf1 Kc7 27. d5
exd5 28. e6 c3 29. bxc3 bxc3 30. Kg2 c2 31. e7 Bh3+ 32. Kxh3 Qxh7+ 33. Kg4 Qxh1
34. Qxc6+ Kxc6 35. e8=Q+ Kc5 36. Qe7+ Kc4 37. Qe2+ Kc3 {0-1 Kalantarian,
N-Yegiazarian,A/Yerevan 1994/EXT 2003 (37)}) 21. R1h7 Qxh7 22. Rxh7 cxb2 23.
Qf3 Bb7 24. Bxg6+ Nxg6 25. Qf7+ Kd8 26. Qc7+ Ke8 {1/2-1/2 Levin,F-Legky,N/Le
Touquet 1996/EXT 99 (26)}) 20. b4 $2 {Dieser Zug sieht falsch aus.} (20. Rah1 {
ist besser, um durch die Türme auf der h-Linie ein Gegengewicht zu schaffen.}
O-O-O 21. R1h7 Bg7 22. Rxd8+ Kxd8 23. Ke1 Nbd5 24. Ne2 Kc7 25. Qg5 a5 26. g4
Be8 27. f4 Qg8 $2 (27... Kd7 $5) 28. Bxd5 $18 Kd8 29. Rxg7 Qxg7 30. Bxe6 Bf7
31. Bxf7 Qxf7 32. Qh6 b4 33. Qh8+ Kd7 34. f5 gxf5 35. Nf4 Ng6 36. Qh5 Nxe5 37.
dxe5 Qxh5 38. gxh5 a4 39. Kd2 c3+ 40. bxc3 b3 {1-0 Rogers,I-Solomon,S/Gold
Coast 1998/EXT 99 (40)}) 20... Nbd5 21. Bxd5 exd5 22. Qh4 a5 $19 {Jetzt setzt
sich die schwarze Bauernmasse in Bewegung und Weiß hat kein Gegenspiel.} 23.
bxa5 Rxa5 24. Kf1 b4 25. Ne2 b3 26. a4 Bf5 27. Nc3 b2 28. Re1 Ra7 29. Kg2 Rb7
30. a5 Rb3 31. e6 Bxe6 32. Rxe6 Qxe6 33. Qf4 Qf5 34. Qd2 b1=Q 35. Nxb1 Qf3+ 0-1

[Event "Elgoibar 09th"]
[Site "Elgoibar"]
[Date "1999.??.??"]
[Round "8"]
[White "Gomez Esteban, Juan Mario"]
[Black "Korneev, Oleg"]
[Result "1-0"]
[WhiteElo "2475"]
[BlackElo "2615"]
[Annotator "Lutz,C"]
[PlyCount "131"]
[EventDate "1999.11.??"]
[EventType "tourn"]
[EventRounds "9"]
[EventCountry "ESP"]
[EventCategory "9"]
[SourceTitle "CBM 075"]
[Source "ChessBase"]
[SourceDate "2000.04.05"]
[SourceVersion "1"]
[SourceVersionDate "2000.04.05"]
[SourceQuality "1"]

1. d4 d5 2. c4 e6 3. Nc3 c6 4. Nf3 Nf6 5. Bg5 dxc4 6. e4 b5 7. e5 h6 8. Bh4 g5
9. Nxg5 hxg5 10. Bxg5 Nbd7 11. g3 Bb7 12. Bg2 Qb6 13. exf6 O-O-O 14. O-O c5 15.
d5 b4 16. Re1 $2 {Opfert eine Figur für ungenügende Kompensation. Ich nehme an,
dass der Erfolg des Weißen eher durch den psychologischen Faktor bedingt wurde:
Der Nachziehende hat nach dem Gewinn der Figur die Partie gegen den nominell
deutlich schwächeren Gegner schon abgehakt und vergessen, die Partie auch
wirklich zu gewinnen.} (16. Na4) (16. Rb1) 16... bxc3 17. bxc3 e5 18. Qg4 Bd6
$6 {Ein abstrakter Zug.} ({Ich denke, dass Schwarz direkt zur Eroberung des
Pf6 schreiten sollte:} 18... Bh6 19. Rab1 Qd6 $17) 19. Qxc4 Qa5 20. Qd3 c4 $6 {
Schwarz geht ziemlich sorglos mit seinen Bauern um ...} 21. Qxc4+ Kb8 22. Qb3
Nc5 23. Qc2 Qa4 24. Qd2 Ka8 25. Rab1 Qc4 {Schwarz hat eine Blockade der weißen
Bauern erreicht. Es wäre aber besser, wenn er sie auch erobern könnte.} 26. Be3
$13 Nd3 27. Red1 e4 28. Qc2 Rc8 29. Qb3 Qxb3 30. Rxb3 Rhe8 (30... Bxd5 $2 31.
Rxd3 $18) 31. h4 {Da ist auch noch einer ...} Ba6 32. h5 Bc4 33. Rbb1 Nc5 34.
h6 Bd3 35. Rb4 Rc7 36. c4 Rb7 37. Rxb7 Kxb7 (37... Nxb7 38. Bf1 Bxf1 39. Kxf1
Bc5 40. Ke2 Rh8 41. Rh1) 38. g4 Be2 39. Rb1+ Kc7 40. Rb5 $16 Bxc4 (40... Nb7
41. Bf1 Bxg4 42. c5) 41. Rxc5+ Bxc5 42. Bxc5 Bxd5 43. g5 Bxa2 44. Bd4 Bb1 (
44... a5 45. g6 fxg6 46. f7 Bxf7 47. h7 $18) 45. Bxa7 (45. g6 e3) 45... Kd6 46.
Be3 Ba2 47. Bf4+ Kd7 48. Kh2 Bd5 49. Kg3 Rh8 50. Be3 Ke8 51. Kf4 Kf8 52. Bh3
Kg8 53. Ke5 Ba2 54. Bf5 Kf8 55. Bxe4 Ke8 56. Kd6 Bb3 57. f4 Kf8 58. Kd7 Be6+
59. Kd8 Kg8 60. Ke7 Bb3 61. f5 Rh7 62. Kd6 Ba2 63. g6 Rh8 64. Bd5 Bxd5 65. Kxd5
fxg6 66. fxg6 {Wer hätte nach 16.Te1? gedacht, das die Partie einmal so enden
wird ?} 1-0

[Event "RUS-ch qual 57th"]
[Site "Tomsk"]
[Date "2004.05.26"]
[Round "4"]
[White "Filippov, Valerij"]
[Black "Bocharov, Dmitry"]
[Result "1-0"]
[WhiteElo "2639"]
[BlackElo "2567"]
[Annotator "Lutz,C"]
[PlyCount "69"]
[EventDate "2004.05.23"]
[EventType "swiss"]
[EventRounds "9"]
[EventCountry "RUS"]
[SourceTitle "CBM 102"]
[Source "ChessBase"]
[SourceDate "2004.09.23"]
[SourceVersion "1"]
[SourceVersionDate "2004.09.23"]
[SourceQuality "1"]

1. d4 d5 2. Nf3 Nf6 3. c4 c6 4. Nc3 e6 5. Bg5 dxc4 6. e4 b5 7. e5 h6 8. Bh4 g5
9. Nxg5 hxg5 10. Bxg5 Nbd7 11. exf6 Bb7 12. g3 c5 13. d5 Qc7 14. Bg2 b4 15. d6
$5 $146 {Bislang waren die schwarzen Ergebnisse nach 14...b4 gut, vielleicht
ändert der Textzug diese Einschätzung. Der Bauer auf d6 wird nicht zu halten
sein, aber bis Schwarz diesen Eindringling einsacken kann, wird er Zeit
verlieren. Hinzukommt, dass Schwarz durch ...b5-b4 seinen Damenflügel (den
Bauern c4) geschwächt hat.} (15. Nb5 Qb6 16. dxe6 Qxe6+ 17. Be3 (17. Kf1 O-O-O
$36 {0-1 Ruck,R-Mastrovasilis,D/Topola 2004/CBM 101/[Lutz] (50)}) 17... O-O-O
18. Nxa7+ Kb8 19. Bxb7 Kxb7 $17 {0-1 Onischuk,A-Obodchuk,A/Poikovsky 2003/CBM
95/[Lutz] (45)}) (15. O-O $6 bxc3 16. dxe6 fxe6 17. Qe2 Kf7 $17 {0-1 Almeida,
O-Dominguez,L/Holguin City 2002/CBM 89/[Lutz] (53)}) 15... Qb6 16. Ne4 O-O-O (
16... Bd5 {1/2-1/2 Sakaev,K-Mastrovasilis,D/Tripoli 2004/CBM 102 (26)}) 17. O-O
Ne5 $6 {Vielleicht sollte Schwarz mit 17...Bd5!? zu der Partie nach 16...Bd5
überleiten, denn auf e5 steht der schwarze Springer wackelig.} 18. Qe2 (18. a3
b3 19. Rc1 (19. Be3 Bxd6 20. Qe2 Nd3 21. Nxd6+ Rxd6 22. Bxb7+ Qxb7 23. Bd2 Qd5
24. Bc3 Nf4 {0-1 Mansson,J-Sherwin,J/Coventry 2004/CBM 99 ext (24)}) 19... Bd5
20. Qe2 Bxd6 21. Rc3 Bc7 22. h4 Nd3 23. Rxd3 cxd3 24. Qxd3 c4 25. Qc3 Qc6 26.
Re1 Kb7 27. Bf3 Ka6 28. Qb4 Bb6 29. Be3 Rc8 30. Bxb6 axb6 31. Qc3 Rcg8 32. Kf1
Rc8 33. Re3 b5 34. Kg2 Rhd8 35. h5 Bxe4 36. Bxe4 Qd6 37. Re2 Rc5 38. h6 Rh5 39.
h7 Qd1 40. Re1 Qg4 41. Qf3 Qh3+ 42. Kg1 Qh2+ 43. Kf1 Rd2 44. Qf4 Rhd5 45. Bxd5
Rxd5 46. Qc7 {1/2-1/2 Nikolic,P-Knaak,R/Rethymnon 2003/CBM 98 (46)}) 18... Bd5
19. Rfd1 Qc6 {Unter dem Schutz des Bd5 gruppiert Schwarz seine Kräfte, aber
Weiß hat eine unangenehme Überraschung parat.} 20. a3 b3 21. Rxd5 $1 {Ein sehr
starkes Qualitätsopfer, wonach Weiß entscheidenden Vorteil erhält.} exd5 (21...
Qxd5 22. Nc3 Qxd6 (22... Qd4 23. Nb5) 23. Bf4) 22. Nc3 Qxd6 (22... Bxd6 23. f4
$1 Nd3 24. Bxd5 Qd7 25. Bxc4 Bxf4 26. Ba6+ Kb8 27. gxf4 $16) 23. Nxd5 $18 {
Die beiden weißen Leichtfiguren beherrschen das Brett, der schwarze König
steht offen.} Bh6 (23... Qe6 24. Ne7+ Bxe7 25. fxe7 Rd4 26. f4 Nd3 27. Qf3 $18)
24. Ne7+ Kc7 25. Bxh6 Rxh6 26. Nf5 Qxf6 27. Nxh6 Nd3 28. Qe4 Rd4 29. Qb7+ Kd8
30. Qb8+ Kd7 31. Bh3+ Kc6 32. Nf5 Rd8 33. Bg2+ Kd7 34. Qb5+ Ke6 35. Qxc4+ 1-0

[Event "RUS-ch sf 58th"]
[Site "Kazan"]
[Date "2005.09.03"]
[Round "1"]
[White "Jakovenko, Dmitrij"]
[Black "Yevseev, Denis"]
[Result "1/2-1/2"]
[WhiteElo "2627"]
[BlackElo "2537"]
[Annotator "Lutz,C"]
[PlyCount "232"]
[EventDate "2005.09.03"]
[EventType "swiss"]
[EventRounds "9"]
[EventCountry "RUS"]
[SourceTitle "CBM 109"]
[Source "ChessBase"]
[SourceDate "2005.11.14"]
[SourceVersion "1"]
[SourceVersionDate "2005.11.14"]
[SourceQuality "1"]

1. d4 d5 2. c4 e6 3. Nf3 Nf6 4. Nc3 c6 5. Bg5 dxc4 6. e4 b5 7. e5 h6 8. Bh4 g5
9. Nxg5 hxg5 10. Bxg5 Nbd7 11. g3 Rg8 12. h4 Rxg5 13. hxg5 Nd5 14. g6 fxg6 15.
Qg4 Qe7 16. Bg2 Kd8 17. Bxd5 $5 {This move was known from Bacrot,E-Fressinet,L
and seemed to cause Black problems. JHowever, Korneev managed to find an
improvement. Dieser Zug war aus Bacrot,E-Fressinet,L bekannt und schien dem
Schwarzen Probleme zu bereiten. Jedoch konnte Korneev eine Verbesserung finden.
} cxd5 18. Qxg6 Bg7 $1 {Black thus prevents the white rook from getting to h7.
So verhindert Schwarz, dass der weiße Turm nach h7 gelangt.} (18... Rb8 19. Rh7
Qe8 20. Qxe8+ Kxe8 21. f4 $16 b4 22. Ne2 Ba6 23. g4 c3 24. b3 Bd3 25. f5 $1 Rb6
26. Nf4 Be4 27. Ke2 Be7 28. Rh8+ Kf7 29. fxe6+ Rxe6 30. Rf1 Ra6 $2 (30... Nxe5
$16) 31. e6+ Kg7 32. Re8 Rxa2+ 33. Ke3 Bg5 34. exd7 Rd2 35. Rxe4 dxe4 36. Kxe4
$18 Be7 37. Nd5 Bg5 38. Nf6 $1 {1-0 Bacrot,E-Fressinet,L/Val d'Isere 2002/CBM
91/[Lutz] (38)}) (18... Ba6 $5 19. Rh7 Qe8) 19. a4 $146 {A new move. Ein neuer
Zug.} (19. Qg4 Nf8 20. Nxb5 Rb8 21. Nd6 Rxb2 22. Qf3 Rb6 23. Qa3 Rxd6 (23...
Qc7 $5 $13) 24. exd6 Qb7 25. O-O-O Kd7 26. Rh4 Qa6 27. Qc5 Qxd6 28. Qxa7+ Ke8
29. Qa8 Qc7 30. Re1 Bf6 31. Rh5 Kf7 32. Rd1 Bd7 33. Qa3 Be8 34. Qc3 Kg7 35. Rh2
e5 36. Qe3 Qd6 37. dxe5 Bxe5 38. f4 Bf6 39. Qxe8 Qa3+ {1/2-1/2 Sulypa,
A-Korneev,O/Istanbul 2003/CBM 96 (39)}) (19. Nxb5 Qb4+ 20. Nc3 Qxb2 21. Qg5+
Kc7 22. Rc1 Bf8 23. O-O Rb8 (23... Nb6 $5) 24. Qg4 Bb4 25. Qxe6 Bxc3 26. Qxd5
Qb4 27. Qf7 {1/2-1/2 Alonso,R-Korneev,O/Campillos 2004/CBM 98 ext (27)}) (19.
Rh7 $2 Nf8 20. Qxg7 Nxh7 $17) 19... Nf8 20. Qg4 b4 21. Nb5 a6 22. Nd6 a5 $13 {
On account of the unusual distribution of material, it is extremely difficult
to evaluate this position. In what follows, there are some interesting twists
and turns. In any case, it is clear that fresh life has been blown into the
variation from Black's point of view. Es ist aufgrund der ungewöhnlichen
Materialverteilung extrem schwierig, diese Stellung einzuschätzen. Der weitere
Verlauf hält noch einige interessante Wendungen parat. Auf jeden Fall ist klar,
dass die Variante aus schwarzer Sicht wieder lebt.} 23. Qh5 Ra6 24. Nf7+ Ke8 (
24... Kc7 25. Rh4) 25. Ng5+ Kd8 26. Rh4 Ra7 (26... Kc7 27. Rf4) 27. Rf4 Rd7 28.
Nf7+ Kc7 29. Qg4 Qxf7 30. Rxf7 Rxf7 {There has been a fresh transformation:
now three black pieces are fighting the white queen. Eine neue Transformation
hat stattgefunden: Nun kämpfen drei schwarze Figuren gegen die weiße Dame.} 31.
Qh5 Re7 32. f4 Nd7 33. g4 b3 34. Kd2 Bf8 35. f5 exf5 36. gxf5 Rg7 37. Qf3 Nb6
38. Rh1 Bb4+ 39. Kc1 c3 40. f6 Rf7 41. bxc3 Ba3+ 42. Kd2 Be6 43. Qd3 Nc4+ 44.
Ke2 b2 45. Rg1 Bf8 46. Rb1 Ba3 47. Rg1 Kb6 $5 {Black avoids a repetition of
moves, since he attributes more value to his passed pawn than to the white
pawns. Schwarz weicht der Zugwiderholung aus, da er seinen Freibauern höher
einschätzt als die weißen Bauern.} 48. Qg6 Ka7 49. Rb1 Rb7 50. Qh5 Nb6 51. Qe8
Bf7 52. Qc6 Nc4 53. e6 Bg6 54. Rg1 b1=Q {A second queen for Black... Die
zweite schwarze Dame ...} 55. Rxb1 Rxb1 56. f7 Rb2+ 57. Kf3 Be4+ 58. Kg3 Rb7
59. Qe8 Bd6+ 60. Kh4 Bf5 61. Kg5 Bh3 62. Kf6 Nd2 63. Qd8 Be7+ 64. Qxe7 Ne4+ 65.
Kg6 Rxe7 66. f8=Q {.. and the second queen for White. Black now has a clear
advantage, but White can probably hang on. ... und die zweite weiße Dame.
Schwarz hat nun eindeutig Vorteil, aber vermutlich kann Weiß sich halten.}
Rxe6+ 67. Kh5 Rc6 68. Qd8 Bc8 69. Qxa5+ Ba6 70. Kg4 Nxc3 71. Kf4 Rc4 72. Ke5
Nxa4 73. Qxd5 Nb6 74. Qf7+ Bb7 75. Qf2 Ra4 76. Kf6 Nd5+ 77. Kg7 Ra6 78. Qc2 Re6
79. Qc5+ Kb8 80. Qf8+ Kc7 81. Qc5+ Kd7 82. Qa7 Re7+ 83. Kg6 Ke6 84. Qa2 Bc6 85.
Kg5 Rg7+ 86. Kh4 Kf7 87. Qf2+ Nf6 88. Kh3 Bd5 89. Qf4 Be6+ 90. Kh2 Rg4 91. Qc7+
Kg6 92. Qd6 Bd5 93. Kh3 Re4 94. Kg3 Re6 95. Qb8 Re3+ 96. Kf2 Rb3 97. Qd6 Rf3+
98. Ke2 Rf5 99. Kd2 Kg5 100. Qe7 Kg4 101. Kc3 Kf3 102. Qe1 Ne4+ 103. Kb4 Nf2
104. Qc3+ Kg4 105. Qc8 Nd3+ 106. Kc3 Nf4 107. Kd2 Be6 108. Qc6 Ra5 109. Qd6 Kf3
110. Kc3 Bd5 111. Kb4 Ra2 112. Qf6 Rc2 113. Kb5 Be4 114. Qf8 Ke3 115. Qh6 Rc7
116. Qg5 Kf3 1/2-1/2